00522nam a2200157 a 450000100100000000500170001000800410002702000170006804000250008508200150011010000330012524501230015826000450028130000110032670000270033700004873820201002061353.0190411s2016 dr a r 000 spa d a978994597042 aDO-SdBNPbspacBNPHU axxxbP438p aPérez Abreu, Pedro Armando10aPichirilo, ¡El comandante popular! :btestimonios biográficos /cPedro Armando Pérez Abreu, Juan Fco. García S. aSanto Domingo :bAmigo del Hogar,c2016. a208 p. aGarcía S., Juan Fco.